[Event "EU-Cup 23rd"]
[Site "Kemer"]
[Date "2007.10.05"]
[Round "3.4"]
[White "Sokolov, Ivan"]
[Black "Petrosian, Tigran L"]
[Result "1-0"]
[WhiteElo "2673"]
[BlackElo "2604"]
[PlyCount "113"]
[EventDate "2007.10.03"]
[EventType "team-swiss"]
[EventRounds "7"]
[EventCountry "TUR"]
[SourceTitle "CBM 121"]
[Source "ChessBase"]
[SourceDate "2007.11.14"]
[SourceVersion "1"]
[SourceVersionDate "2007.11.14"]
[SourceQuality "1"]
[WhiteTeam "Sarajevo Bosna"]
[BlackTeam "Yerevan"]
[WhiteTeamCountry "BIH"]
[BlackTeamCountry "ARM"]

1. d4 d5 2. c4 e6 3. Nc3 c5 4. cxd5 exd5 5. Nf3 Nc6 6. g3 Nf6 7. Bg2 Be7 8. O-O O-O 9. Bg5 cxd4 10. Nxd4 h6 11. Be3 Re8 12. Rc1 Bf8 13. Nxc6 bxc6 14. Na4 Bd7 15. Bc5 Bxc5 16. Nxc5 Bg4 17. Re1 Qa5 18. h3 ({RR} 18. Qc2 Rab8 19. b3 Bh5 20. Qb2 Bg6 21. Red1 Rb5 22. Nd3 Bxd3 23. Rxd3 Rc5 24. Rxc5 Qxc5 25. e3 Qb6 26. Qc2 Re6 27. Bf3 g6 28. Qd2 h5 29. Rd4 Re7 30. b4 Ne4 31. Bxe4 Rxe4 32. Rxe4 dxe4 {Stangl,M (2525)-Balashov,Y (2520) Muenster 1993 ½-½ (60)}) ({RR} 18. a3 Qb5 19. Nd3 a5 20. h3 Bf5 21. Nc5 Qxb2 22. Qa4 Rxe2 23. Rxe2 Qxc1+ 24. Kh2 Qxc5 {0-1 (24) Melikhov,E (2269)-Martynov,P (2414) chess.com INT 2023}) ({RR} 18. Qc2 Qxa2 19. h3 Bh5 20. Nd3 Bg6 21. Qxc6 Bxd3 22. exd3 Qxb2 23. Bxd5 Rad8 24. Bc4 Qb6 25. Rxe8+ Rxe8 26. Qa4 Re2 27. d4 Rd2 28. Rd1 Rxd1+ 29. Qxd1 Ne8 30. Qa4 Nd6 31. Bd5 Qb5 32. Bb3 Qxa4 {Sammour Hasbun,J (2449)-Petrosian,T (2592) ICC INT 2007 0-1 (39)}) ({RR} 18. Qc2 Rab8 19. b3 Bh5 20. Qb2 Bg6 21. Red1 Rb5 22. Nd3 Bxd3 23. Rxd3 Rc5 24. Rxc5 Qxc5 25. e3 Qb6 26. Qc2 Re6 27. Bf3 g6 28. Qd2 h5 29. Rd4 Re7 30. b4 Ne4 31. Bxe4 Rxe4 32. Rxe4 dxe4 {Stangl,M (2525)-Balashov,Y (2520) Muenster 1993 ½-½ (60)}) ({RR} 18. a3 Qb5 19. Nd3 a5 20. h3 Bf5 21. Nc5 Qxb2 22. Qa4 Rxe2 23. Rxe2 Qxc1+ 24. Kh2 Qxc5 {0-1 (24) Melikhov,E (2269)-Martynov,P (2414) chess.com INT 2023}) ({RR} 18. Qc2 Qxa2 19. h3 Bh5 20. Nd3 Bg6 21. Qxc6 Bxd3 22. exd3 Qxb2 23. Bxd5 Rad8 24. Bc4 Qb6 25. Rxe8+ Rxe8 26. Qa4 Re2 27. d4 Rd2 28. Rd1 Rxd1+ 29. Qxd1 Ne8 30. Qa4 Nd6 31. Bd5 Qb5 32. Bb3 Qxa4 {Sammour Hasbun,J (2449)-Petrosian,T (2592) ICC INT 2007 0-1 (39)}) 18... Bh5 19. Nd3 Bg6 20. Nf4 $146 ({RR} 20. a3 Qb6 21. e3 Rac8 22. b4 a5 23. Nf4 Be4 24. Qa4 axb4 25. axb4 Bxg2 26. Kxg2 Re4 {½-½ (26) De Verdier,M (2270)-Markevich,I (2162) Stockholm 2010}) ({RR} 20. a3 Qb6 21. e3 Rac8 22. b4 a5 23. Nf4 Be4 24. Qa4 axb4 25. axb4 Bxg2 26. Kxg2 Re4 {½-½ (26) De Verdier,M (2270)-Markevich,I (2162) Stockholm 2010}) 20... Be4 21. Rxc6 Bxg2 22. Kxg2 d4 23. Qc1 Nd5 24. Nd3 Nb4 25. Nxb4 Qxb4 26. Rc4 Qb7+ 27. Kg1 Qd7 28. Qf4 Rad8 29. Rd1 Qxh3 30. Rcxd4 Rxd4 31. Qxd4 a6 32. e3 Rc8 33. Qd7 Qxd7 34. Rxd7 Rc2 35. Rb7 g5 36. a4 a5 37. b3 g4 38. Rb5 Rb2 39. Kf1 Kg7 40. Rxa5 Rxb3 41. Rf5 Rb2 42. Ke1 Ra2 43. Rf4 h5 44. Kd1 Kg6 45. Kc1 f5 46. Kb1 Rd2 47. a5 Rd8 48. Kc2 Ra8 49. Ra4 Kg5 50. Kd3 h4 51. gxh4+ Kxh4 52. a6 Kh3 53. a7 Kg2 54. Ra2 Kf3 55. Kd4 f4 56. exf4 Kxf4 57. Ra3 1-0

[Event "Olympiad-35"]
[Site "Bled"]
[Date "2002.10.30"]
[Round "5.1"]
[White "Aleksandrov, Aleksej"]
[Black "Lutz, Christopher"]
[Result "1/2-1/2"]
[WhiteElo "2621"]
[BlackElo "2645"]
[PlyCount "86"]
[EventDate "2002.10.26"]
[EventType "team-swiss"]
[EventRounds "14"]
[EventCountry "SLO"]
[SourceTitle "EXT 2003"]
[Source "ChessBase"]
[SourceDate "2002.11.25"]
[SourceVersion "1"]
[SourceVersionDate "2002.11.25"]
[SourceQuality "1"]
[WhiteTeam "Belarus"]
[BlackTeam "Germany"]
[WhiteTeamCountry "BLR"]
[BlackTeamCountry "GER"]

1. d4 Nf6 2. c4 e6 3. Nc3 Bb4 4. e3 O-O 5. Bd3 d5 6. Nf3 c5 7. O-O Nc6 8. cxd5 exd5 9. dxc5 Bxc5 10. b3 a6 11. Bb2 Ba7 ({RR} 11... Bg4 12. Rc1 Qd6 13. Be2 Rad8 14. h3 Bf5 15. Bd3 Bc8 16. Ne2 Ne4 17. Ned4 Rfe8 18. Nxc6 bxc6 19. Qc2 Qh6 20. Bxe4 dxe4 21. Ne5 Bd6 22. Rfd1 Bxh3 23. gxh3 Qg5+ 24. Ng4 h5 25. Qe2 Re6 26. Kh1 {Aleksandrov,A (2630)-Perunovic,M (2429) Batumi 2018 0-1 (54)}) ({RR} 11... Bg4 12. Rc1 Qd6 13. Be2 Rad8 14. h3 Bf5 15. Bd3 Bc8 16. Ne2 Ne4 17. Ned4 Rfe8 18. Nxc6 bxc6 19. Qc2 Qh6 20. Bxe4 dxe4 21. Ne5 Bd6 22. Rfd1 Bxh3 23. gxh3 Qg5+ 24. Ng4 h5 25. Qe2 Re6 26. Kh1 {Aleksandrov,A (2630)-Perunovic,M (2429) Batumi 2018 0-1 (54)}) 12. Rc1 Bg4 13. h3 ({RR} 13. Ne2 Re8 14. Bb1 Rc8 15. a3 Bxf3 16. gxf3 Ne5 17. Kg2 Rxc1 18. Qxc1 d4 19. Bxd4 Nxf3 20. Bxa7 Qd5 21. Nf4 Qg5+ 22. Kh1 Qh4 23. h3 g5 24. Kg2 Ne5 25. Ne2 g4 26. Rh1 Nh5 27. Qc2 Ng6 {Matviishen,V (2566)-Panchanathan,M (2461) Charlotte USA 2024 1-0 (33)}) ({RR} 13. Ne2 Re8 14. Bb1 Rc8 15. a3 Bxf3 16. gxf3 Ne5 17. Kg2 Rxc1 18. Qxc1 d4 19. Bxd4 Nxf3 20. Bxa7 Qd5 21. Nf4 Qg5+ 22. Kh1 Qh4 23. h3 g5 24. Kg2 Ne5 25. Ne2 g4 26. Rh1 Nh5 27. Qc2 Ng6 {Matviishen,V (2566)-Panchanathan,M (2461) Charlotte USA 2024 1-0 (33)}) 13... Bxf3 $146 ({RR} 13... Bh5 14. Na4 Rc8 15. Nc5 Bxc5 16. Rxc5 Qd6 17. Rc1 Nb4 18. Rxc8 Rxc8 19. Bb1 a5 20. Qd4 Bxf3 21. gxf3 Nc6 22. Qh4 Ne5 23. Kg2 Ng6 24. Qg3 Qb4 25. Rd1 a4 26. Bxf6 gxf6 27. f4 f5 28. Bxf5 {Brunner,N (2425)-Sanchez,R (1970) Chess.com INT 2021 1-0 (38)}) ({RR} 13... Bh5 14. Na4 Rc8 15. Nc5 Bxc5 16. Rxc5 Qd6 17. Rc1 Nb4 18. Rxc8 Rxc8 19. Bb1 a5 20. Qd4 Bxf3 21. gxf3 Nc6 22. Qh4 Ne5 23. Kg2 Ng6 24. Qg3 Qb4 25. Rd1 a4 26. Bxf6 gxf6 27. f4 f5 28. Bxf5 {Brunner,N (2425)-Sanchez,R (1970) Chess.com INT 2021 1-0 (38)}) ({RR} 13... Bh5 14. Na4 Rc8 15. Nc5 Bxc5 16. Rxc5 Qd6 17. Rc1 Nb4 18. Rxc8 Rxc8 19. Bb1 a5 20. Qd4 Bxf3 21. gxf3 Nc6 22. Qh4 Ne5 23. Kg2 Ng6 24. Qg3 Qb4 25. Rd1 a4 26. Bxf6 gxf6 27. f4 f5 28. Bxf5 {Brunner,N (2425)-Sanchez,R (1970) Chess.com INT 2021 1-0 (38)}) ({RR} 13... Bh5 14. Na4 Rc8 15. Nc5 Bxc5 16. Rxc5 Qd6 17. Rc1 Nb4 18. Rxc8 Rxc8 19. Bb1 a5 20. Qd4 Bxf3 21. gxf3 Nc6 22. Qh4 Ne5 23. Kg2 Ng6 24. Qg3 Qb4 25. Rd1 a4 26. Bxf6 gxf6 27. f4 f5 28. Bxf5 {Brunner,N (2425)-Sanchez,R (1970) Chess.com INT 2021 1-0 (38)}) 14. Qxf3 Ne5 15. Qe2 Nxd3 16. Qxd3 d4 17. exd4 Qxd4 18. Qf3 Qb4 19. Ne2 Qe4 20. Bxf6 Qxf3 21. gxf3 gxf6 22. Rc7 Rab8 23. Rd1 Rfc8 24. Rdd7 Rxc7 25. Rxc7 Bb6 26. Rd7 Kf8 27. Ng3 Ke8 28. Rd6 Bc7 29. Rxf6 Rd8 30. Ne4 Rd1+ 31. Kg2 Ra1 32. a4 Rb1 33. Nc5 a5 34. Rh6 b6 35. Ne4 Rxb3 36. Nf6+ Kf8 37. Nd5 Bd8 38. Rxh7 Kg8 39. Rh6 b5 40. Ra6 bxa4 41. Ra8 Kg7 42. Rxd8 Rd3 43. Rc8 Rxd5 1/2-1/2

[Event "Olympiad-35"]
[Site "Bled"]
[Date "2002.11.06"]
[Round "11.1"]
[White "Aleksandrov, Aleksej"]
[Black "Ehlvest, Jaan"]
[Result "1/2-1/2"]
[WhiteElo "2621"]
[BlackElo "2600"]
[PlyCount "71"]
[EventDate "2002.10.26"]
[EventType "team-swiss"]
[EventRounds "14"]
[EventCountry "SLO"]
[SourceTitle "EXT 2003"]
[Source "ChessBase"]
[SourceDate "2002.11.25"]
[SourceVersion "1"]
[SourceVersionDate "2002.11.25"]
[SourceQuality "1"]
[WhiteTeam "Belarus"]
[BlackTeam "Estonia"]
[WhiteTeamCountry "BLR"]
[BlackTeamCountry "EST"]

1. d4 d5 2. c4 e6 3. Nc3 c5 4. cxd5 exd5 5. Nf3 Nc6 6. e3 Nf6 7. Be2 cxd4 8. Nxd4 Bc5 9. Nxc6 ({RR} 9. Nb3 Bb6 10. Bf3 Be6 11. O-O O-O 12. Na4 Bc7 13. Nac5 Qd6 14. g3 Bh3 15. Re1 Bb6 16. Nd3 Rad8 17. Bd2 Rfe8 18. Nf4 Bf5 19. Bc3 Be4 20. Rc1 h6 21. Bg2 Bxg2 22. Kxg2 Ne4 23. Nd4 Nxc3 {Radjabov,T (2763)-Giri,A (2777) chess24.com INT 2021 ½-½ (62)}) ({RR} 9. Nb3 Bb6 10. Bf3 Be6 11. O-O O-O 12. Na4 Bc7 13. Nac5 Qd6 14. g3 Bh3 15. Re1 Bb6 16. Nd3 Rad8 17. Bd2 Rfe8 18. Nf4 Bf5 19. Bc3 Be4 20. Rc1 h6 21. Bg2 Bxg2 22. Kxg2 Ne4 23. Nd4 Nxc3 {Radjabov,T (2763)-Giri,A (2777) chess24.com INT 2021 ½-½ (62)}) 9... bxc6 10. O-O Bd6 $146 ({RR} 10... O-O 11. b3 Bd6 12. Bb2 Re8 13. Rc1 h5 14. Na4 Ng4 15. h3 Nh2 16. Re1 Qg5 17. Kh1 Ng4 18. Rf1 Nxe3 19. fxe3 Qg3 20. Kg1 Qh2+ 21. Kf2 Bg3+ 22. Kf3 Bh4 {0-1 (22) Rouler,C (2326)-Saucey,M (2348) Pau 2008}) ({RR} 10... O-O 11. b3 Bd6 12. Bb2 Qe7 13. Na4 Re8 14. Rc1 Bd7 15. Bf3 Ne4 16. Bxe4 Qxe4 17. Nc5 Bxc5 18. Rxc5 Qg6 19. Qf3 Re4 20. h3 a5 21. Bd4 h5 22. Rfc1 a4 23. b4 Rae8 24. a3 Rh4 25. Kh1 {Ambartsumova,K (2385)-Vakhlamov,I (2413) chess.com INT 2026 0-1 (40)}) ({RR} 10... O-O 11. b3 Be6 12. Bb2 Be7 13. Qc2 Qd6 14. Rfd1 Rfd8 15. Rac1 Rac8 16. Na4 Nd7 17. Ba6 Rc7 18. Bc3 c5 19. Ba5 Nb6 20. Nc3 Qe5 21. Bd3 Qh5 22. Be2 Qg6 23. Nb5 Bf5 24. Bd3 Bxd3 25. Qxd3 {Pachman,L-Balcerowski,W Varna 1962 1-0 (48)}) ({RR} 10... O-O 11. b3 Bd6 12. Bb2 Re8 13. Rc1 h5 14. Na4 Ng4 15. h3 Nh2 16. Re1 Qg5 17. Kh1 Ng4 18. Rf1 Nxe3 19. fxe3 Qg3 20. Kg1 Qh2+ 21. Kf2 Bg3+ 22. Kf3 Bh4 {0-1 (22) Rouler,C (2326)-Saucey,M (2348) Pau 2008}) ({RR} 10... O-O 11. b3 Bd6 12. Bb2 Qe7 13. Na4 Re8 14. Rc1 Bd7 15. Bf3 Ne4 16. Bxe4 Qxe4 17. Nc5 Bxc5 18. Rxc5 Qg6 19. Qf3 Re4 20. h3 a5 21. Bd4 h5 22. Rfc1 a4 23. b4 Rae8 24. a3 Rh4 25. Kh1 {Ambartsumova,K (2385)-Vakhlamov,I (2413) chess.com INT 2026 0-1 (40)}) ({RR} 10... O-O 11. b3 Be6 12. Bb2 Be7 13. Qc2 Qd6 14. Rfd1 Rfd8 15. Rac1 Rac8 16. Na4 Nd7 17. Ba6 Rc7 18. Bc3 c5 19. Ba5 Nb6 20. Nc3 Qe5 21. Bd3 Qh5 22. Be2 Qg6 23. Nb5 Bf5 24. Bd3 Bxd3 25. Qxd3 {Pachman,L-Balcerowski,W Varna 1962 1-0 (48)}) 11. b3 h5 12. h3 Qe7 13. Qc2 O-O 14. Bd2 Re8 15. Rfe1 g6 16. Rad1 Bf5 17. Bd3 Bxd3 18. Qxd3 Qe5 19. f4 Qe6 20. Bc1 Rad8 21. Bb2 Bf8 22. f5 Qxf5 23. Qxf5 gxf5 24. Ne2 Bg7 25. Nf4 h4 26. Rc1 Rc8 27. Bd4 a5 28. Rf1 Ne4 29. Nh5 Bxd4 30. exd4 Kh7 31. Kh2 Kg6 32. Nf4+ Kg5 33. Ne2 Nd2 34. Rf2 Ne4 35. Rff1 Nd2 36. Rf2 1/2-1/2

[Event "EU-chT (Men) 15th"]
[Site "Gothenburg"]
[Date "2005.08.02"]
[Round "4.2"]
[White "Mamedyarov, Shakhriyar"]
[Black "Istratescu, Andrei"]
[Result "1/2-1/2"]
[WhiteElo "2646"]
[BlackElo "2624"]
[PlyCount "45"]
[EventDate "2005.07.30"]
[EventType "team-swiss"]
[EventRounds "9"]
[EventCountry "SWE"]
[SourceTitle "CBM 109"]
[Source "ChessBase"]
[SourceDate "2005.11.14"]
[SourceVersion "1"]
[SourceVersionDate "2005.11.14"]
[SourceQuality "1"]
[WhiteTeam "Azerbaijan"]
[BlackTeam "Romania"]
[WhiteTeamCountry "AZE"]
[BlackTeamCountry "ROU"]

1. c4 e6 2. Nc3 c5 3. Nf3 Nc6 4. e3 Nf6 5. d4 d5 6. a3 a6 7. dxc5 Bxc5 8. b4 Ba7 9. cxd5 exd5 10. Be2 O-O 11. O-O d4 12. exd4 Nxd4 13. Nxd4 Qxd4 $146 ({RR} 13... Bxd4 14. Bb2 {½-½ (14) Garcia Gonzales,G (2500)-Hodgson,J (2500) Sochi 1986}) ({RR} 13... Bxd4 14. Bb2 Be6 15. Bf3 Qb6 16. Na4 Bxb2 17. Nxb2 Rfd8 18. Qe2 Rac8 19. Rac1 Qd4 20. Na4 Bc4 21. Rxc4 Qxc4 22. Qxc4 Rxc4 23. Bxb7 a5 24. Nb6 Rc7 25. Bf3 axb4 26. axb4 Rb8 27. Nd5 Nxd5 28. Bxd5 {Ashiev,E (2202)-Tay,J (2230) Chess.com INT 2020 0-1 (47)}) ({RR} 13... Bxd4 14. Bb2 {½-½ (14) Garcia Gonzales,G (2500)-Hodgson,J (2500) Sochi 1986}) ({RR} 13... Bxd4 14. Bb2 Be6 15. Bf3 Qb6 16. Na4 Bxb2 17. Nxb2 Rfd8 18. Qe2 Rac8 19. Rac1 Qd4 20. Na4 Bc4 21. Rxc4 Qxc4 22. Qxc4 Rxc4 23. Bxb7 a5 24. Nb6 Rc7 25. Bf3 axb4 26. axb4 Rb8 27. Nd5 Nxd5 28. Bxd5 {Ashiev,E (2202)-Tay,J (2230) Chess.com INT 2020 0-1 (47)}) 14. Qxd4 Bxd4 15. Bb2 Bg4 16. Bxg4 Nxg4 17. Na4 Bxb2 18. Nxb2 Rfd8 19. Rac1 Rd2 20. Nc4 Ra2 21. f3 Nf6 22. Rfd1 h6 23. Rd2 1/2-1/2

[Event "Titled Tue 12th Mar Early"]
[Site "chess.com INT"]
[Date "2024.03.12"]
[Round "6"]
[White "Firouzja, Alireza"]
[Black "Navara, D."]
[Result "1-0"]
[WhiteElo "2760"]
[BlackElo "2669"]
[PlyCount "183"]
[EventDate "2024.03.12"]

1. Nf3 Nf6 2. g3 d5 3. Bg2 e6 4. O-O Be7 5. d3 O-O 6. c4 c5 7. cxd5 exd5 8. d4 Nc6 9. Nc3 Re8 ({RR} 9... h6 10. dxc5 Bxc5 11. Na4 Be7 12. Be3 Re8 13. Rc1 Bf8 14. Bc5 Bxc5 15. Nxc5 Qb6 16. Na4 Qa6 17. Nc3 Bg4 18. Nd4 Rad8 19. Re1 Ne4 20. Nxc6 bxc6 21. Qa4 Qb6 22. Nxe4 dxe4 23. Qxc6 Qxb2 24. Qc2 {Giri,A (2771)-Aronian,L (2793) Leuven 2017 ½-½ (61)}) ({RR} 9... c4 10. Ne5 h6 11. b3 cxb3 12. Nxc6 bxc6 13. axb3 Bf5 14. Ba3 Bxa3 15. Rxa3 Qe7 16. Qa1 h5 17. Ra6 Qb7 18. Qa4 Bd7 19. Rb1 Rfb8 20. Qa3 Bc8 21. Ra5 Bf5 22. Rb2 h4 23. Qd6 h3 24. Bf1 {Cruz,J (2323)-Valenzuela Gomez,F (2346) Llinars del Valles ESP 2026 ½-½ (40)}) ({RR} 9... h6 10. Be3 c4 11. Ne5 Bb4 12. Qa4 a5 13. Qb5 Na7 14. Qa4 Bf5 15. a3 Be7 16. h3 Rb8 17. b4 axb4 18. axb4 Nc6 19. g4 Bxb4 20. Na2 Ra8 21. Nxc6 Rxa4 22. Nxd8 Bg6 23. Nxb4 Rxb4 24. Ra8 {Firouzja,A (2777)-Giri,A (2752) Saint Louis USA 2023 1-0 (39)}) ({RR} 9... h6 10. dxc5 Bxc5 11. Na4 Be7 12. Be3 Re8 13. Rc1 Bf8 14. Bc5 Bxc5 15. Nxc5 Qb6 16. Na4 Qa6 17. Nc3 Bg4 18. Nd4 Rad8 19. Re1 Ne4 20. Nxc6 bxc6 21. Qa4 Qb6 22. Nxe4 dxe4 23. Qxc6 Qxb2 24. Qc2 {Giri,A (2771)-Aronian,L (2793) Leuven 2017 ½-½ (61)}) ({RR} 9... c4 10. Ne5 h6 11. b3 cxb3 12. Nxc6 bxc6 13. axb3 Bf5 14. Ba3 Bxa3 15. Rxa3 Qe7 16. Qa1 h5 17. Ra6 Qb7 18. Qa4 Bd7 19. Rb1 Rfb8 20. Qa3 Bc8 21. Ra5 Bf5 22. Rb2 h4 23. Qd6 h3 24. Bf1 {Cruz,J (2323)-Valenzuela Gomez,F (2346) Llinars del Valles ESP 2026 ½-½ (40)}) ({RR} 9... h6 10. Be3 c4 11. Ne5 Bb4 12. Qa4 a5 13. Qb5 Na7 14. Qa4 Bf5 15. a3 Be7 16. h3 Rb8 17. b4 axb4 18. axb4 Nc6 19. g4 Bxb4 20. Na2 Ra8 21. Nxc6 Rxa4 22. Nxd8 Bg6 23. Nxb4 Rxb4 24. Ra8 {Firouzja,A (2777)-Giri,A (2752) Saint Louis USA 2023 1-0 (39)}) 10. Be3 Bf8 $146 ({RR} 10... c4 11. Ne5 Bb4 12. Bf4 Qa5 13. Nxc6 bxc6 14. Qc2 Bg4 15. f3 Bh5 16. a3 Bg6 17. Qd2 Bf8 18. e4 Qb6 19. e5 Nd7 20. Be3 Bd3 21. Rfd1 Rab8 22. b4 Nxe5 23. Na4 Qb5 24. Nc3 Qb6 25. Na4 {Berczes,D (2440)-Costa,L (2346) Budapest HUN 2023 ½-½}) ({RR} 10... c4 11. Ne5 Bb4 12. Bf4 Qa5 13. Nxc6 bxc6 14. Qc2 Bg4 15. f3 Bh5 16. a3 Bg6 17. Qd2 Bf8 18. e4 Qb6 19. e5 Nd7 20. Be3 Bd3 21. Rfd1 Rab8 22. b4 Nxe5 23. Na4 Qb5 24. Nc3 Qb6 25. Na4 {Berczes,D (2440)-Costa,L (2346) Budapest HUN 2023 ½-½}) 11. Bg5 cxd4 12. Nxd4 h6 13. Bxf6 Qxf6 14. Ndb5 Rd8 15. Nc7 Rb8 16. N7xd5 Qe5 17. e4 Be6 18. Qa4 Qd4 19. Qxd4 Nxd4 20. Rfd1 Nc6 21. h3 Nb4 22. Rac1 Rbc8 23. a3 Nxd5 24. Nxd5 Rxc1 25. Rxc1 Bxd5 26. exd5 Bd6 27. h4 h5 28. Bh3 g6 29. Bc8 b6 30. Bb7 Kf8 31. Kf1 Re8 32. Rc4 a5 33. Ba6 Bc5 34. b4 axb4 35. axb4 Bd6 36. b5 Bc5 37. Bb7 Ke7 38. Bc6 Rd8 39. Ra4 Kf6 40. Ra7 Rg8 41. f4 Rd8 42. Kg2 Rd6 43. Kf3 Bd4 44. Ke4 Bf2 45. Kf3 Bc5 46. Be8 Rxd5 47. Rxf7+ Ke6 48. Rg7 Rd3+ 49. Kg2 Rd2+ 50. Kf1 Rd8 51. Rxg6+ Ke7 52. Bc6 Rd2 53. Rg5 Rf2+ 54. Ke1 Rb2 55. Kd1 Bf2 56. g4 hxg4 57. Rxg4 Bd4 58. f5 Bf6 59. h5 Rh2 60. Bf3 Kf8 61. Rg6 Ke7 62. Bg4 Bd4 63. Re6+ Kf7 64. h6 Bf6 65. Rxb6 Rxh6 66. Rb7+ Be7 67. b6 Rd6+ 68. Ke2 Kf6 69. Rb8 Rd4 70. Bf3 Rb4 71. b7 Kxf5 72. Rh8 Bd6 73. Rh6 Ke5 74. Kd3 Bc7 75. Kc3 Rb1 76. Kc4 Bb8 77. Kc5 Rc1+ 78. Kb5 Rb1+ 79. Kc6 Rc1+ 80. Kd7 Rc7+ 81. Kd8 Rg7 82. Rh5+ Kd6 83. Rh6+ Kc5 84. Bc6 Rg8+ 85. Be8 Rg7 86. Rc6+ Kd5 87. Kc8 Be5 88. Rb6 Rg8 89. Rb5+ Kd4 90. Rxe5 Kxe5 91. b8=Q+ Kf6 92. Qd6+ 1-0

[Event "Chessable Masters Play-In"]
[Site "chess.com INT"]
[Date "2024.01.31"]
[Round "2"]
[White "Bluebaum, M."]
[Black "Warmerdam, Max"]
[Result "1/2-1/2"]
[WhiteElo "2655"]
[BlackElo "2625"]
[PlyCount "58"]
[EventDate "2024.01.31"]

1. d4 d5 2. c4 e6 3. Nc3 c5 4. e3 Nf6 5. Nf3 a6 6. cxd5 exd5 7. g3 c4 8. Bg2 Bb4 9. Bd2 O-O 10. O-O Re8 11. Ne5 Nc6 12. Nxc6 bxc6 13. b3 a5 14. bxc4 ({RR} 14. Qc2 cxb3 15. axb3 g6 16. Rfc1 Bf5 17. Qd1 Qd6 18. Ra2 h5 19. Na4 h4 20. Nc5 Kg7 21. Bxb4 axb4 22. Rxa8 Rxa8 23. Ra1 Rh8 24. Qe1 hxg3 25. hxg3 Ne4 26. Nxe4 Bxe4 27. Bxe4 dxe4 28. Ra5 Rh5 {Carlsen,M (2845)-Mamedyarov,S (2790) Shamkir 2019 ½-½ (37)}) ({RR} 14. Qc2 cxb3 15. axb3 g6 16. Rfc1 Bf5 17. Qd1 Qd6 18. Ra2 h5 19. Na4 h4 20. Nc5 Kg7 21. Bxb4 axb4 22. Rxa8 Rxa8 23. Ra1 Rh8 24. Qe1 hxg3 25. hxg3 Ne4 26. Nxe4 Bxe4 27. Bxe4 dxe4 28. Ra5 Rh5 {Carlsen,M (2845)-Mamedyarov,S (2790) Shamkir 2019 ½-½ (37)}) 14... Ba6 15. a3 $146 ({RR} 15. Qc2 Bxc4 16. Rfb1 Bxc3 17. Bxc3 Ne4 18. Be1 ({RR} 18. Be1 h5 19. Qd1 h4 20. g4 a4 21. a3 Bb3 22. Qe2 Re6 23. Rc1 Qg5 24. f4) ({RR} 18. Be1 h5 19. Qd1 h4 20. g4 a4 21. a3 Bb3 22. Qe2 Re6 23. Rc1 Qg5 24. f4) 18... h5 19. Qd1 h4 20. g4 a4 21. a3 Bb3 22. Qe2 Re6 23. Rc1 Qg5 24. f4 Qe7 25. Bb4 Qc7 26. f5 Ree8 27. Qe1 Qd8 28. Rxc6 h3 29. Bxh3 Qg5 {Artemiev,V (2704)-Carlsen,M (2847) Chess24.com INT 2021 0-1 (35)}) ({RR} 15. Qc2 Bxc4 16. Rfb1 Bxc3 17. Bxc3 Ne4 18. Bb2 Qf6 19. Bc1 h5 20. f3 Ng5 21. Qd1 h4 22. gxh4 Ne6 23. Ba3 Qxh4 24. Qe1 Qh6 25. Qd2 Nf4 26. Re1 Ne2+ 27. Rxe2 Bxe2 28. Qxe2 Rxe3 29. Qb2 Rae8 {Zifroni,D (2446)-Greenfeld,A (2475) Israel 2025 0-1 (33)}) ({RR} 15. Qc2 Bxc4 16. Rfb1 Bxc3 17. Bxc3 Ne4 18. Be1 h5 19. Qd1 h4 20. g4 a4 21. a3 Bb3 22. Qe2 Re6 23. Rc1 Qg5 24. f4 Qe7 25. Bb4 Qc7 26. f5 Ree8 27. Qe1 Qd8 28. Rxc6 h3 29. Bxh3 Qg5 {Artemiev,V (2704)-Carlsen,M (2847) Chess24.com INT 2021 0-1 (35)}) ({RR} 15. Qc2 Bxc4 16. Rfb1 Bxc3 17. Bxc3 Ne4 18. Bb2 Qf6 19. Bc1 h5 20. f3 Ng5 21. Qd1 h4 22. gxh4 Ne6 23. Ba3 Qxh4 24. Qe1 Qh6 25. Qd2 Nf4 26. Re1 Ne2+ 27. Rxe2 Bxe2 28. Qxe2 Rxe3 29. Qb2 Rae8 {Zifroni,D (2446)-Greenfeld,A (2475) Israel 2025 0-1 (33)}) 15... Bxc3 16. Bxc3 Bxc4 17. Re1 Ne4 18. Qc2 a4 19. Bb4 h5 20. f3 Nd6 21. e4 Nb5 22. Bc5 Bb3 23. Qd3 dxe4 24. fxe4 Qd7 25. d5 Rad8 26. Bb6 Rb8 27. Bc5 Rbd8 28. Bb6 Rb8 29. Bc5 Rbd8 1/2-1/2

[Event "GRENKE Chess Open 2024"]
[Site "Karlsruhe GER"]
[Date "2024.03.30"]
[Round "5.1"]
[White "Sarana, A."]
[Black "Maurizzi, Marc'Andria"]
[Result "0-1"]
[WhiteElo "2699"]
[BlackElo "2602"]
[PlyCount "66"]
[EventDate "2024.03.28"]

1. d4 d5 2. c4 e6 3. Nc3 c5 4. e3 Nf6 5. Nf3 Nc6 6. a3 a6 7. dxc5 Bxc5 8. b4 Ba7 9. Bb2 O-O 10. Rc1 dxc4 11. Bxc4 ({RR} 11. Qxd8 Rxd8 12. Bxc4 Bd7 13. O-O Rac8 14. Be2 Be8 15. Rfd1 Rxd1+ 16. Rxd1 Kf8 17. Kf1 Ke7 18. Bd3 h6 19. Ke2 Bb8 20. Ne4 Nxe4 21. Bxe4 f6 22. h4 h5 23. Nd2 Nd8 24. Bd3 Nf7 25. f4 Nd6 {Salem,A (2682)-Khismatullin,D (2606) Chess.com INT 2021 0-1 (46)}) ({RR} 11. Qxd8 Rxd8 12. Bxc4 Bd7 13. O-O Rac8 14. Be2 Be8 15. Rfd1 Rxd1+ 16. Rxd1 Kf8 17. Kf1 Ke7 18. Bd3 h6 19. Ke2 Bb8 20. Ne4 Nxe4 21. Bxe4 f6 22. h4 h5 23. Nd2 Nd8 24. Bd3 Nf7 25. f4 Nd6 {Salem,A (2682)-Khismatullin,D (2606) Chess.com INT 2021 0-1 (46)}) 11... Qxd1+ ({RR} 11... b5 12. Bd3 Bb7 13. O-O Rc8 14. Qe2 Qe7 15. Ne4 Nxe4 16. Bxe4 Rfd8 17. h3 h6 18. Rfd1 Bb8 19. Rxd8+ Qxd8 20. Rd1 Qe7 21. Bb1 e5 22. Qc2 g6 23. Ba2 e4 24. Qb1 Kh7 25. Nd4 Ne5 26. Bb3 {Arabidze,M (2457)-Dubnevych,M (2255) chess.com INT 2025 0-1 (32)}) ({RR} 11... b5 12. Bd3 Bb7 13. O-O Rc8 14. Qe2 Qe7 15. Ne4 Nxe4 16. Bxe4 Rfd8 17. h3 h6 18. Rfd1 Bb8 19. Rxd8+ Qxd8 20. Rd1 Qe7 21. Bb1 e5 22. Qc2 g6 23. Ba2 e4 24. Qb1 Kh7 25. Nd4 Ne5 26. Bb3 {Arabidze,M (2457)-Dubnevych,M (2255) chess.com INT 2025 0-1 (32)}) 12. Kxd1 Bd7 $146 ({RR} 12... b5 13. Bd3 Rd8 14. Ke2 Bb7 15. Rhd1 Kf8 16. Ne4 Rxd3 17. Rxd3 Nxe4 18. Rd7 Bc8 19. Rc7 Ne7 20. Bxg7+ Kxg7 21. Rxe7 Bb6 22. Ne5 Nd6 23. Nc6 Kf8 24. g4 Nc4 25. a4 Ne5 26. Nxe5 Kxe7 27. a5 {Smyslov,V (2560)-Sax,G (2610) Haninge 1989 0-1 (43)}) ({RR} 12... b5 13. Bd3 Rd8 14. Ke2 Bb7 15. Rhd1 Kf8 16. Ne4 Rxd3 17. Rxd3 Nxe4 18. Rd7 Bc8 19. Rc7 Ne7 20. Bxg7+ Kxg7 21. Rxe7 Bb6 22. Ne5 Nd6 23. Nc6 Kf8 24. g4 Nc4 25. a4 Ne5 26. Nxe5 Kxe7 27. a5 {Smyslov,V (2560)-Sax,G (2610) Haninge 1989 0-1 (43)}) 13. Ke2 Rfd8 14. Rhd1 Be8 15. Bd3 Ne7 16. Ne4 Nfd5 17. Nc5 Bxc5 18. Rxc5 Ba4 19. Rd2 Rac8 20. Ng5 h6 21. Ne4 Bc6 22. Rcc2 f6 23. Nc5 Kf7 24. g3 Nb6 25. f4 Nd7 26. Nb3 Bd5 27. Na5 f5 28. b5 axb5 29. Bxb5 Nc5 30. Rc1 b6 31. Rxd5 exd5 32. Bd4 Ne6 33. Rxc8 Nxd4+ 0-1

[Event "FIDE Candidates 2024"]
[Site "Toronto CAN"]
[Date "2024.04.04"]
[Round "1.4"]
[White "Gukesh, D."]
[Black "Vidit, S."]
[Result "1/2-1/2"]
[WhiteElo "2743"]
[BlackElo "2727"]
[PlyCount "42"]
[EventDate "2024.04.04"]

1. d4 d5 2. c4 e6 3. Nc3 c5 4. e3 Nf6 5. Nf3 Nc6 6. a3 a6 7. dxc5 Bxc5 8. b4 Bd6 9. Ra2 Ne5 10. Rd2 Nxf3+ 11. gxf3 O-O 12. Bb2 a5 13. cxd5 e5 14. Nb5 $146 ({RR} 14. bxa5 Bd7 15. Bb5 Rxa5 16. Qb3 Bh3 17. Rg1 Qe7 18. a4 Rd8 19. Ke2 Raa8 20. Bc4 Bb4 21. Rgd1 e4 22. fxe4 Bd6 23. Rg1 Qe5 24. f4 Qh5+ 25. Ke1 Ng4 26. Nb5 Be7 27. Re2 Qg6 28. Bd3 Bh4+ {Vogel,R (2546)-Deuer,M (2452) Ostfildern GER 2024 1-0 (33)}) ({RR} 14. bxa5 Bd7 15. Bb5 Rxa5 16. Qb3 Bh3 17. Rg1 Qe7 18. a4 Rd8 19. Ke2 Raa8 20. Bc4 Bb4 21. Rgd1 e4 22. fxe4 Bd6 23. Rg1 Qe5 24. f4 Qh5+ 25. Ke1 Ng4 26. Nb5 Be7 27. Re2 Qg6 28. Bd3 Bh4+ {Vogel,R (2546)-Deuer,M (2452) Ostfildern GER 2024 1-0 (33)}) 14... axb4 15. Nxd6 Qxd6 16. axb4 Qxb4 17. Qc2 Bg4 18. Bc3 Qa3 19. Bb2 Qb4 20. Bc3 Qa3 21. Bb2 Qb4 1/2-1/2